| 000 | 00397nam a22001697a 4500 | ||
|---|---|---|---|
| 005 | 20180530124430.0 | ||
| 008 | 160521b xxu||||| |||| 00| 0 eng d | ||
| 020 | _a0-521-58686-0 | ||
| 041 | _aeng | ||
| 082 |
_b3870 _a519.5 |
||
| 100 |
_aMiller J. _9980 |
||
| 245 | _aStatistics for Advanced level | ||
| 260 | _bCombrider UMR PRESS | ||
| 300 | _a442 | ||
| 650 |
_aManagement _9241 |
||
| 942 | _cBK | ||
| 999 |
_c1333 _d1333 |
||